000 00256nam a2200097Ia 4500
001 719571
005 20250826163045.0
008 250824s9999 xx 000 0 und d
245 0 _aTÜRKÇE YAZIM KILAVUZU
_cYazar Adı Belirtilmemiş
260 _bALFA YAYINLARI
999 _c719571
_d719571